00417nam a2200145Ia 4500008004100000020001800041041000800059082001800067100004100085245003900126250000600165260005800171300001200229650003000241210716s9999 xx 000 0 und d a9780070078079 aeng a658.3124 NOER aNoe, Raymond A;Kodwani, Amitabh Deo. aEmployee training and development. a4 aNew DelhibTata McGraw Hill Education Private Limited axxi,500 aHuman Resource Management